European Country Quiz Pt.1 - Statistics

General Stats
  • This quiz has been taken 17 times
  • The average score is 10 of 15
Answer Stats
Hint Answer % Correct
Known for the amazing chocolate and cheese Switzerland
100%
Shares a similar capital name with Hungary Romania
91%
Shared a union with Austria in the late 19th century to the early 20th century Hungary
82%
Over half of its gigantic land is in Asia Russia
82%
Shares a peninsula with 1 other smaller country Spain
82%
It's weather is depicted as mostly rainy and depressing uk
82%
Got blamed as the main cause of WW1 and took most of the punishment Germany
73%
Famously known for its unlucky position in the great European Plain Poland
73%
Most smallest country in the world Vatican
73%
Has the most tourists in the world France
64%
Mostly known for its big history and delicious foods Italy
64%
Is basically flag twins with Moldova but has a different emblem Andorra
55%
The average elevation is around 708 meters Albania
45%
The left side of its flag used to be blue during its colonial period Portugal
45%
Most castles in Europe Czechia
36%
No matching quizzes found
Score Distribution
Percent of People with Each Score
Percentile by Number Answered
Your Score History
You have not taken this quiz